Fussball - Kicker Elf des Tages 24/25 - Statistiken

Allgemein
  • Dieses Quiz wurde 35 mal gespielt
  • Das Durchschnittsergebnis liegt bei 32 aus 93
Antwortstatistiken
Verein Position Berufungen Spieler % Korrekt
FC Bayern München Angriff 8 Harry Kane
96%
FC Bayern München Mittelfeld 4 Joshua Kimmich
93%
Bayer 04 Leverkusen Mittelfeld 5 Florian Wirtz
86%
FC Bayern München Angriff 7 Michael Olise
86%
1. FSV Mainz 05 Mittelfeld 6 Nadiem Amiri
82%
Eintracht Frankfurt Angriff 9 Omar Marmoush
82%
Borussia Dortmund Angriff 3 Serhou Guirassy
79%
Eintracht Frankfurt Angriff 4 Hugo Ekitike
68%
FC Bayern München Mittelfeld 4 Jamal Musiala
68%
1. FSV Mainz 05 Angriff 5 Jonathan Burkardt
68%
Borussia Dortmund Abwehr 2 Nico Schlotterbeck
68%
Bayer 04 Leverkusen Angriff 4 Patrik Schick
68%
Borussia Dortmund Angriff 4 Karim Adeyemi
64%
VfL Wolfsburg Mittelfeld 4 Maximillian Arnold
64%
TSG Hoffenheim Tor 3 Oliver Baumann
64%
RB Leipzig Tor 6 Peter Gulacsi
64%
Bayer 04 Leverkusen Abwehr 3 Jonathan Tah
61%
FC Bayern München Angriff 4 Leroy Sane
57%
1. FSV Mainz 05 Mittelfeld 7 Paul Nebel
57%
Borussia Dortmund Abwehr 3 Waldemar Anton
57%
VfB Stuttgart Tor 3 Alexander Nübel
54%
Borussia Dortmund Tor 2 Gregor Kobel
50%
Eintracht Frankfurt Abwehr 3 Robin Koch
50%
VfB Stuttgart Mittelfeld 3 Atakan Karazor
46%
FC Bayern München Abwehr 2 Dayot Upamecano
46%
Borussia Dortmund Angriff 2 Maximillian Beier
46%
VfL Wolfsburg Angriff 3 Mohammed Amoura
46%
FC Bayern München Abwehr 2 Alphonso Davies
43%
VfB Stuttgart Angriff 3 Deniz Undav
43%
1. FSV Mainz 05 Abwehr 4 Dominik Kohr
43%
FC Bayern München Angriff 2 Kingsley Coman
43%
1. FSV Mainz 05 Tor 3 Robin Zentner
43%
VfL Wolfsburg Angriff 2 Jonas Wind
39%
SC Freiburg Angriff 2 Lucas Höler
39%
VfB Stuttgart Abwehr 2 Maximilian Mittelstädt
39%
Bayer 04 Leverkusen Abwehr 4 Piero Hincapie
39%
Eintracht Frankfurt Abwehr 4 Rasmus Kristensen
39%
SC Freiburg Angriff 3 Vincenzo Grifo
39%
Borussia Dortmund Mittelfeld 2 Emre Can
36%
1. FSV Mainz 05 Angriff 3 Jae-Sung Lee
36%
Werder Bremen Mittelfeld 3 Jens Stage
36%
SC Freiburg Abwehr 2 Matthias Ginter
36%
Bayer 04 Leverkusen Mittelfeld 2 Aleix Garcia
32%
TSG Hoffenheim Angriff 2 Andrej Kramaric
32%
RB Leipzig Abwehr 3 Willi Orban
32%
RB Leipzig Mittelfeld 5 Xavi
32%
Werder Bremen Abwehr 2 Marco Friedl
29%
Eintracht Frankfurt Mittelfeld 2 Mario Götze
29%
VfB Stuttgart Angriff 3 Nick Woltemade
29%
Werder Bremen Mittelfeld 3 Romano Schmid
29%
Holstein Kiel Angriff 2 Shuto Machino
29%
Borussia Mönchengladbach Angriff 2 Alassane Plea
25%
1. FSV Mainz 05 Abwehr 3 Anthony Caci
25%
VfL Wolfsburg Tor 2 Kamil Grabara
25%
RB Leipzig Angriff 2 Lois Openda
25%
SC Freiburg Angriff 3 Ritsu Doan
25%
Eintrach Frankfurt Abwehr 2 Tuta
25%
FC St. Pauli Tor 2 Nikola Vasilj
21%
VfL Wolfsburg Angriff 2 Patrick Wimmer
21%
FC Augsburg Tor 2 Finn Dahmen
18%
FC Bayern München Abwehr 2 Kim Min-jae
18%
Borussia Mönchengladbach Abwehr 2 Lukas Ullrich
18%
Borussia Mönchengladbach Tor 2 Moritz Nicolas
18%
FC Augsburg Abwehr 3 Chrislain Matsima
14%
VfB Stuttgart Mittelfeld 2 Enzo Millot
14%
FC St. Pauli Abwehr 2 Eric Smith
14%
VfB Stuttgart Abwehr 3 Jeff Chabot
14%
Borussia Mönchengladbach Abwehr 2 Marvin Friedrich
14%
SC Freiburg Abwehr 3 Max Rosenfelder
14%
VfL Bochum Angriff 3 Myron Boadu
14%
FC Heidenheim Abwehr 2 Patrick Mainka
14%
FC Bayern München Abwehr 3 Raphael Guerreiro
14%
TSG Hoffenheim Mittelfeld 2 Tom Bischof
11%
Werder Bremen Abwehr 2 Felix Agu
11%
Borussia Mönchengladbach Angriff 2 Franck Honorat
11%
Borussia Mönchengladbach Abwehr 3 Ko Itakura
11%
Werder Bremen Abwehr 2 Niklas Stark
11%
Holstein Kiel Angriff 2 Alexander Bernhardsson
7%
FC Augsburg Mittelfeld 3 Alexis Claude-Maurice
7%
FC Augsburg Abwehr 2 Cedric Zesiger
7%
FC Augsburg Abwehr 2 Jeffrey Gouweleeuw
7%
SC Freiburg Abwehr 3 Kiliann Sildillia
7%
SC Freiburg Abwehr 3 Lukas Kübler
7%
Werder Bremen Abwehr 2 Mitchell Weiser
7%
FC St. Pauli Angriff 2 Morgan Guilavogui
7%
VfL Bochum Mittelfeld 2 Ibrahima Sissoko
4%
VfL Wolfsburg Abwehr 2 Joakim Maehle
4%
Borussia Mönchengladbach Mittelfeld 2 Julian Weigl
4%
Werder Bremen Angriff 2 Marco Grüll
4%
1. FC Union Berlin Abwehr 2 Tom Rothe
4%
TSG Hoffenheim Angriff 2 Adam Hlozek
0%
1. FC Union Berlin Abwehr 2 Kevin Vogt
0%
Holstein Kiel Angriff 3 Steven Skrzybski
0%
Keine übereinstimmenden Quizze gefunden
Verteilung der Resultate
Anzahl Personen mit jedem Resultat
Perzentil nach korrekt beantworteten Fragen
Ihre Resultats-Entwicklung
Sie haben dieses Quiz noch nicht gespielt